000 00706cam a22002533a 4500
001 32009
003 PGUSA
005 20140828083707.0
008 100416s2010||||xxu|||||s|||||000 1 eng d
040 _aPGUSA
_beng
042 _adc
050 4 _aPT
100 1 _aRaabe, Wilhelm,
_d1831-1910
245 1 0 _aGerman Moonlight
_h[electronic resource] /
_cWilhelm Raabe
260 _bProject Gutenberg,
_c2010
506 _aPublic domain in the USA.
516 _aElectronic text
653 _aGerman fiction -- Translations into English
653 _aShort stories
700 1 _aWooff, Michael
830 0 _aProject Gutenberg
_v32009
856 4 0 _uhttp://www.gutenberg.org/ebooks/32009
942 _cEB
999 _c261264
_d261264